Statistics for Countries with at least one mountain over 5000 meters

Click here to take the quiz!

General Stats

  • This quiz has been taken 33 times
  • The average score is 22 of 27

Answer Stats

HintAnswer% Correct
6190mUnited States
100%
8849mChina
97%
8849mNepal
97%
8614mPakistan
97%
6962mArgentina
94%
5959mCanada
94%
6893mChile
94%
8586mIndia
94%
5630mRussia
94%
6768mPeru
91%
5895mTanzania
91%
7570mBhutan
88%
5636mMexico
88%
5781mColombia
85%
7010mKazakhstan
85%
5199mKenya
85%
7492mAfghanistan
82%
6542mBolivia
82%
6267mEcuador
79%
7495mTajikistan
73%
5137mTurkey
73%
5609mIran
70%
7439mKyrgyzstan
70%
5109mUganda
67%
5193mGeorgia
52%
5895mMyanmar
48%
5109mD.R. Congo
27%

Score Distribution

Percentile by Number Answered

Percent of People with Each Score

Your Score History

You have not taken this quiz